Mathematics: | Mathematics. (Record no. 164841)
[ view plain ]
| 000 -LEADER | |
|---|---|
| fixed length control field | 00736nam a2200253 a 4500 |
| 008 - FIXED-LENGTH DATA ELEMENTS--GENERAL INFORMATION | |
| fixed length control field | |
| 020 ## - INTERNATIONAL STANDARD BOOK NUMBER | |
| International Standard Book Number | 0390418056 (pbk.) |
| 049 ## - LOCAL HOLDINGS (OCLC) | |
| Holding library | MAIN |
| 050 00 - LIBRARY OF CONGRESS CALL NUMBER | |
| Classification number | QA531 |
| Item number | BAR |
| 003 - CONTROL NUMBER IDENTIFIER | |
| control field | |
| 005 - DATE AND TIME OF LATEST TRANSACTION | |
| control field | 20230123134356.0 |
| 040 ## - CATALOGING SOURCE | |
| Transcribing agency | NUST |
| 100 1# - MAIN ENTRY--PERSONAL NAME | |
| Personal name | Barnett, Ziegler. |
| 245 ## - TITLE STATEMENT | |
| Title | Mathematics: |
| Remainder of title | college algebra with trigonometry/ |
| Statement of responsibility, etc. | Barnett-Ziegler. |
| 245 10 - TITLE STATEMENT | |
| Title | Mathematics. |
| 260 ## - PUBLICATION, DISTRIBUTION, ETC. | |
| Place of publication, distribution, etc. | Boston : |
| Name of publisher, distributor, etc. | McGraw-Hill, |
| Date of publication, distribution, etc. | 1994. |
| 300 ## - PHYSICAL DESCRIPTION | |
| Extent | (various pages) : |
| Other physical details | ill. ; |
| Dimensions | 26 cm. |
| 490 1# - SERIES STATEMENT | |
| Series statement | McGraw-Hill's Primis. |
| 650 #0 - SUBJECT ADDED ENTRY--TOPICAL TERM | |
| Topical term or geographic name entry element | Algebra. |
| 650 #0 - SUBJECT ADDED ENTRY--TOPICAL TERM | |
| Topical term or geographic name entry element | Trigonometry. |
| 700 1# - ADDED ENTRY--PERSONAL NAME | |
| Personal name | Catonsville Community College [Deparment of Mathematics]. |
| 907 ## - LOCAL DATA ELEMENT G, LDG (RLIN) | |
| a | .b10231523 |
| b | 12-02-13 |
| c | 14-02-07 |
| 942 ## - ADDED ENTRY ELEMENTS (KOHA) | |
| Koha item type | Ordinary Loan Books |
| Date last seen | Total Checkouts | Full call number | Barcode | Cost, replacement price | Price effective from | Koha item type | Lost status | Source of classification or shelving scheme | Damaged status | Not for loan | Collection | Withdrawn status | Home library | Current library | Shelving location | Date acquired | Cost, normal purchase price |
|---|---|---|---|---|---|---|---|---|---|---|---|---|---|---|---|---|---|
| 01/23/2023 | QA531 BAR | 92003014764 | 80.00 | 01/23/2023 | BOOKS | lcc | NFIC | MAIN | MAIN | GEN | 01/23/2023 | 80.00 |